[Event "FRA-ch U20"]
[Site "Le Grand Bornand"]
[Date "2007.04.13"]
[Round "6"]
[White "Tafforeau, Romain"]
[Black "Mania, Clement"]
[Result "0-1"]
[WhiteElo "1989"]
[BlackElo "1912"]
[PlyCount "83"]
[EventDate "2007.04.07"]
[EventType "swiss"]
[EventRounds "9"]
[EventCountry "FRA"]
[SourceTitle "CBM 118 Extra"]
[Source "ChessBase"]
[SourceDate "2007.07.04"]
[SourceVersion "1"]
[SourceVersionDate "2007.07.04"]
[SourceQuality "1"]

1. d4 d5 2. c4 e6 3. Nc3 c6 4. Nf3 dxc4 5. a4 Bb4 6. g3 b5 7. Bg2 Bb7 8. 0-0 Bxc3 9. bxc3 Nd7 10. Qc2 Ngf6 11. Ba3 a6 12. Ne5 Nxe5 13. dxe5 Nd5 14. e4 Ne7 15. Rad1 Qb6 16. Qd2 Rd8 17. Qg5 Qc7 18. Qxg7 Rf8 19. Bd6 Qa5 20. Rd2 Bc8 21. Rfd1 Rd7 22. Bxe7 Kxe7 23. Rxd7+ Bxd7 24. Rxd7+ Kxd7 25. Qxf8 Qxc3 26. Qxf7+ Kd8 27. Qxe6 Qe1+ 28. Bf1 Qxe4 29. Qd6+ Ke8 30. e6 Qd5 31. Qxd5 cxd5 32. axb5 axb5 33. Bg2 c3 34. Bxd5 c2 35. Bc6+ Ke7 36. Bxb5 c1Q+ 37. Kg2 Kxe6 38. Bd3 h6 39. Bh7 Ke5 40. f4+ Kd4 41. Kh3 Ke3 42. Kh4 0-1

[Event "FRA-ch U20"]
[Site "Le Grand Bornand"]
[Date "2007.04.10"]
[Round "3"]
[White "Iglesias, Yosha"]
[Black "Tafforeau, Romain"]
[Result "1-0"]
[WhiteElo "2144"]
[BlackElo "1989"]
[PlyCount "49"]
[EventDate "2007.04.07"]
[EventType "swiss"]
[EventRounds "9"]
[EventCountry "FRA"]
[SourceTitle "CBM 118 Extra"]
[Source "ChessBase"]
[SourceDate "2007.07.04"]
[SourceVersion "1"]
[SourceVersionDate "2007.07.04"]
[SourceQuality "1"]

1. d4 d5 2. Nf3 Nf6 3. e3 e6 4. Bd3 Bd6 5. Nbd2 Nbd7 6. 0-0 0-0 7. e4 dxe4 8. Nxe4 Nxe4 9. Bxe4 Nf6 10. Bd3 c5 11. c3 b6 12. Bg5 Bb7 13. Re1 cxd4 14. Nxd4 Be7 15. Re3 h6 16. Bxh6 Qd5 17. Rg3 Nh5 18. Bc4 Qe5 19. f4 Qc5 20. b4 Qxc4 21. Qxh5 Qd5 22. Rxg7+ Kh8 23. Qh3 Bf6 24. Rg4 Bxd4+ 25. Kh1 1-0

[Event "FRA-chT3 Gr06 0607"]
[Site "France"]
[Date "2006.10.15"]
[Round "1.3"]
[White "Bouvet, Laurent"]
[Black "Tafforeau, Romain"]
[Result "1-0"]
[WhiteElo "2100"]
[BlackElo "2011"]
[PlyCount "49"]
[EventDate "2006.10.15"]
[EventType "team"]
[EventRounds "9"]
[EventCountry "FRA"]
[SourceTitle "EXT 2008"]
[Source "ChessBase"]
[SourceDate "2007.11.25"]
[SourceVersion "1"]
[SourceVersionDate "2007.11.25"]
[SourceQuality "1"]
[WhiteTeam "Douarnenez"]
[BlackTeam "Brest"]
[WhiteTeamCountry "FRA"]
[BlackTeamCountry "FRA"]

1. e4 c5 2. Nf3 d6 3. d4 cxd4 4. Nxd4 Nf6 5. Nc3 a6 6. Bg5 e6 7. f4 Qc7 8. Qf3 b5 9. 0-0-0 b4 10. Na4 Bd7 11. b3 Bxa4 12. bxa4 Nbd7 13. e5 Nd5 14. Bd3 Nc5 15. Bc4 Nxa4 16. Bxd5 exd5 17. Qxd5 Nb6 18. Qf3 dxe5 19. fxe5 Qc3 20. Rd3 Qc7 21. Nf5 Rc8 22. Qe2 Qc6 23. Rhd1 f6 24. exf6+ Kf7 25. fxg7 1-0

[Event "Agneaux St Lo U18 op"]
[Site "Agneaux"]
[Date "2006.07.10"]
[Round "3"]
[White "Madan, Augustin"]
[Black "Tafforeau, Romain"]
[Result "1-0"]
[WhiteElo "2411"]
[BlackElo "2018"]
[PlyCount "109"]
[EventDate "2006.07.08"]
[EventType "swiss"]
[EventRounds "9"]
[EventCountry "FRA"]
[SourceTitle "EXT 2007"]
[Source "ChessBase"]
[SourceDate "2006.11.23"]
[SourceVersion "1"]
[SourceVersionDate "2006.11.23"]
[SourceQuality "1"]

1. e4 c5 2. Nc3 e6 3. Nf3 a6 4. d4 cxd4 5. Nxd4 d6 6. Be3 Nf6 7. f3 b5 8. Qd2 Bb7 9. g4 Nfd7 10. 0-0-0 Nb6 11. Bd3 N8d7 12. h4 Rc8 13. g5 d5 14. Rhe1 Bb4 15. Nde2 Na4 16. a3 Bxc3 17. Nxc3 Nxc3 18. bxc3 Qa5 19. Kb2 Ne5 20. Be2 0-0 21. Bd4 Nc6 22. exd5 Nxd4 23. cxd4 Qxd2 24. Rxd2 Bxd5 25. f4 Rc7 26. Bd3 Rfc8 27. f5 Re8 28. f6 Bc4 29. Be4 Rd8 30. h5 Bd5 31. Bd3 Bc4 32. h6 g6 33. Bxc4 Rxc4 34. c3 Kf8 35. Re5 Ke8 36. Rd3 Rd6 37. d5 Rc5 38. dxe6 Rxe5 39. Rxd6 fxe6 40. Rxa6 Rxg5 41. Ra7 Rf5 42. Rxh7 Rxf6 43. Rb7 Rf2+ 44. Kb3 Rh2 45. h7 Kf8 46. Rxb5 Rxh7 47. Rb8+ Kg7 48. Rb7+ Kh6 49. Rxh7+ Kxh7 50. a4 g5 51. Kc2 g4 52. Kd2 e5 53. a5 e4 54. Ke3 g3 55. a6 1-0

[Event "FRA-chT3 0405"]
[Site "France"]
[Date "2005.04.04"]
[Round "7.2"]
[White "Tafforeau, Romain"]
[Black "Philippe, Vincent"]
[Result "1/2-1/2"]
[WhiteElo "2025"]
[BlackElo "2062"]
[PlyCount "53"]
[EventDate "2004.10.10"]
[EventType "team"]
[EventRounds "9"]
[EventCountry "FRA"]
[SourceTitle "EXT 2007"]
[Source "ChessBase"]
[SourceDate "2006.11.23"]
[SourceVersion "1"]
[SourceVersionDate "2006.11.23"]
[SourceQuality "1"]

1. d4 d5 2. Nf3 Nf6 3. e3 e6 4. Bd3 Bd6 5. Nbd2 Nbd7 6. c3 0-0 7. e4 dxe4 8. Nxe4 Nxe4 9. Bxe4 h6 10. 0-0 e5 11. Re1 exd4 12. Nxd4 Nf6 13. Bc2 Re8 14. Rxe8+ Qxe8 15. Qe2 Bg4 16. f3 Qxe2 17. Nxe2 Bd7 18. Bf4 Re8 19. Bxd6 Rxe2 20. Bd1 Rxb2 21. Bxc7 Nd5 22. Bg3 Ne3 23. Bf2 Nxd1 24. Rxd1 Bc6 25. Bxa7 Rxa2 26. Bd4 g5 27. h3 1/2-1/2

[Event "FRA-chT3 0405"]
[Site "France"]
[Date "2005.01.09"]
[Round "4.2"]
[White "Vigouroux, Johann"]
[Black "Tafforeau, Romain"]
[Result "1/2-1/2"]
[WhiteElo "1800"]
[BlackElo "2025"]
[PlyCount "102"]
[EventDate "2004.10.10"]
[EventType "team"]
[EventRounds "9"]
[EventCountry "FRA"]
[SourceTitle "EXT 2007"]
[Source "ChessBase"]
[SourceDate "2006.11.23"]
[SourceVersion "1"]
[SourceVersionDate "2006.11.23"]
[SourceQuality "1"]

1. Nf3 c5 2. c4 Nc6 3. d4 cxd4 4. Nxd4 Nf6 5. Nc3 g6 6. e4 d6 7. Be2 Bg7 8. Be3 0-0 9. 0-0 Bd7 10. Qd2 Ng4 11. Bxg4 Bxg4 12. f3 Bd7 13. Rac1 a6 14. b3 Rb8 15. Rfd1 Qa5 16. Nxc6 bxc6 17. c5 dxc5 18. Na4 Qxd2 19. Rxd2 Bc8 20. Nxc5 f5 21. exf5 Rxf5 22. Rd8+ Rf8 23. Rcd1 Be5 24. Bh6 Bg7 25. Rxf8+ Kxf8 26. Rd8+ Kf7 27. Bxg7 Kxg7 28. Nxa6 Rb6 29. Rxc8 Rxa6 30. a4 Kf6 31. Rb8 g5 32. Kf2 c5 33. Rb5 c4 34. bxc4 Rxa4 35. Rb6+ Kf5 36. c5 Ra2+ 37. Kg3 Rc2 38. Rh6 Rxc5 39. Rxh7 e5 40. h4 Kg6 41. Rh8 gxh4+ 42. Rxh4 Rc2 43. Re4 Kf5 44. Kh3 Rc3 45. Kh4 Rd3 46. g4+ Kf6 47. g5+ Kf5 48. Kg3 Kxg5 49. Rxe5+ Kf6 50. Re8 Kf5 51. Kf2 Ra3 1/2-1/2

[Event "Rohde op 04th"]
[Site "Sautron "]
[Date "2004.10.31"]
[Round "9"]
[White "Naudier, Serge"]
[Black "Tafforeau, Romain"]
[Result "1-0"]
[WhiteElo "2272"]
[BlackElo "2022"]
[PlyCount "121"]
[EventDate "2004.10.23"]
[EventType "swiss"]
[EventRounds "9"]
[EventCountry "FRA"]
[SourceTitle "EXT 2006"]
[Source "ChessBase"]
[SourceDate "2005.11.24"]
[SourceVersion "1"]
[SourceVersionDate "2005.11.24"]
[SourceQuality "1"]

1. e4 c5 2. Nf3 d6 3. d4 cxd4 4. Nxd4 Nf6 5. Nc3 a6 6. Bc4 e6 7. 0-0 Be7 8. Qf3 Nbd7 9. Qg3 Ne5 10. Bb3 0-0 11. f4 Qb6 12. Rd1 Ned7 13. Be3 Nc5 14. e5 Nfd7 15. Nd5 Qd8 16. Nxe7+ Qxe7 17. exd6 Qf6 18. f5 exf5 19. Bg5 Qg6 20. Be7 Qxg3 21. hxg3 Re8 22. Nxf5 Nxb3 23. cxb3 Ne5 24. Ne3 Be6 25. Nd5 Bxd5 26. Rxd5 Nd7 27. Rc1 Nb6 28. Rdc5 f6 29. Rc7 Nd5 30. Rxb7 Nxe7 31. dxe7 Kf7 32. Rcc7 Rac8 33. Rxc8 Rxc8 34. e8Q+ Kxe8 35. Rxg7 Rc1+ 36. Kh2 Ra1 37. a3 Ra2 38. Ra7 Rxb2 39. b4 Rb3 40. Rxa6 Kf7 41. Ra5 Kg6 42. b5 h5 43. a4 Kg5 44. Ra6 f5 45. b6 h4 46. gxh4+ Kxh4 47. a5 f4 48. Ra8 f3 49. Rf8 Rb5 50. Rxf3 Rxa5 51. Rb3 Ra8 52. b7 Rb8 53. g3+ Kg5 54. Kg2 Kg4 55. Rb4+ Kg5 56. Kf3 Kf5 57. g4+ Kg5 58. Ke4 Kxg4 59. Kd5+ Kf5 60. Kc6 Ke6 61. Kc7 1-0

[Event "Rohde op 04th"]
[Site "Sautron "]
[Date "2004.10.29"]
[Round "5"]
[White "Ivanov, Jordan"]
[Black "Tafforeau, Romain"]
[Result "1-0"]
[WhiteElo "2395"]
[BlackElo "2022"]
[PlyCount "91"]
[EventDate "2004.10.23"]
[EventType "swiss"]
[EventRounds "9"]
[EventCountry "FRA"]
[SourceTitle "EXT 2006"]
[Source "ChessBase"]
[SourceDate "2005.11.24"]
[SourceVersion "1"]
[SourceVersionDate "2005.11.24"]
[SourceQuality "1"]

1. Nf3 Nf6 2. c4 e6 3. Nc3 d5 4. d4 c6 5. cxd5 exd5 6. Bg5 Be7 7. Qc2 g6 8. e4 dxe4 9. Bxf6 Bxf6 10. Qxe4+ Kf8 11. Bc4 Kg7 12. 0-0 Re8 13. Qf4 Be6 14. Bxe6 Rxe6 15. Rfe1 Qd6 16. Qxd6 Rxd6 17. Ne4 Rd8 18. Nxf6 Kxf6 19. Re4 Nd7 20. Rae1 Kg7 21. Re7 h6 22. h4 Kf8 23. h5 g5 24. Nh2 Re8 25. Rxe8+ Rxe8 26. Rxe8+ Kxe8 27. Ng4 c5 28. dxc5 Nxc5 29. Nxh6 Nd3 30. Nf5 Kf8 31. Nd6 Nxb2 32. Nxb7 Nc4 33. Nd8 Ne5 34. Kh2 Kg7 35. Kg3 Kh6 36. f4 gxf4+ 37. Kxf4 Nd3+ 38. Kf5 Kxh5 39. Nxf7 Nf2 40. Ne5 Nd1 41. g4+ Kh6 42. Kf6 Kh7 43. Kf7 Ne3 44. g5 Nf5 45. g6+ Kh8 46. Kf8 1-0

[Event "Rohde op 03rd"]
[Site "Sautron"]
[Date "2003.10.29"]
[Round "5"]
[White "Tafforeau, Romain"]
[Black "Ionescu, Cristian Dan"]
[Result "1/2-1/2"]
[WhiteElo "2018"]
[BlackElo "2242"]
[PlyCount "52"]
[EventDate "2003.10.25"]
[EventType "swiss"]
[EventRounds "9"]
[EventCountry "FRA"]
[SourceTitle "EXT 2004"]
[Source "ChessBase"]
[SourceDate "2003.11.25"]
[SourceVersion "1"]
[SourceVersionDate "2003.11.25"]
[SourceQuality "1"]

1. d4 Nf6 2. c4 c5 3. Nf3 cxd4 4. Nxd4 e6 5. Nc3 Bb4 6. Qc2 0-0 7. Bg5 a6 8. e3 Be7 9. Bd3 h6 10. h4 d6 11. 0-0-0 Nc6 12. a3 Ne5 13. Bxf6 Bxf6 14. Be2 Bd7 15. g4 Rc8 16. g5 Be7 17. gxh6 g6 18. h5 Kh7 19. Rdg1 Rg8 20. hxg6+ fxg6 21. Bh5 Kh8 22. Bxg6 Nxg6 23. Rxg6 Rxg6 24. Qxg6 Qg8 25. Rg1 Qxg6 26. Rxg6 Rg8 1/2-1/2

[Event "Guingamp op 7th"]
[Site "Guingamp"]
[Date "2003.03.03"]
[Round "3"]
[White "Tafforeau, Romain"]
[Black "Le Chequer, Laetitia"]
[Result "1-0"]
[WhiteElo "1920"]
[BlackElo "1580"]
[PlyCount "69"]
[EventDate "2003.03.02"]
[EventType "swiss"]
[EventRounds "9"]
[EventCountry "FRA"]
[SourceTitle "EXT 2004"]
[Source "ChessBase"]
[SourceDate "2003.11.25"]
[SourceVersion "1"]
[SourceVersionDate "2003.11.25"]
[SourceQuality "1"]

1. d4 d5 2. c4 e6 3. Nc3 Nf6 4. Bg5 Be7 5. e3 b6 6. Nf3 Nbd7 7. cxd5 Nxd5 8. Bxe7 Qxe7 9. e4 N5f6 10. Bd3 Bb7 11. 0-0 Rd8 12. e5 Nd5 13. Rc1 c5 14. Nb5 0-0 15. Nd6 Ba8 16. Bb5 cxd4 17. Bxd7 Rxd7 18. Nxd4 Qg5 19. Nf3 Qg4 20. h3 Qg6 21. Rc4 h5 22. Qc1 Ne7 23. Nh4 Qh7 24. f4 f6 25. Qc2 Qh6 26. Rc7 Rxc7 27. Qxc7 Nc6 28. Nf3 Qxf4 29. exf6 Qxf6 30. b3 Nd4 31. Nd2 Ne2+ 32. Kh2 Qf4+ 33. Rxf4 Rxf4 34. Qc8+ Rf8 35. Qxe6+ 1-0

[Event "Rohde op 03rd"]
[Site "Sautron"]
[Date "2003.??.??"]
[Round "9"]
[White "Tafforeau, Romain"]
[Black "Bollengier, Andreea"]
[Result "1/2-1/2"]
[WhiteElo "2018"]
[BlackElo "2182"]
[PlyCount "32"]
[EventDate "2003.10.25"]
[EventType "swiss"]
[EventRounds "9"]
[EventCountry "FRA"]
[SourceTitle "EXT 2005"]
[Source "ChessBase"]
[SourceDate "2004.11.15"]
[SourceVersion "1"]
[SourceVersionDate "2004.11.15"]
[SourceQuality "1"]

1. d4 g6 2. c4 Bg7 3. Nc3 c5 4. d5 Bxc3+ 5. bxc3 f5 6. Nf3 d6 7. h4 Nf6 8. Bg5 Nbd7 9. e3 Qa5 10. Qc2 Nb6 11. Bxf6 exf6 12. Bd3 Bd7 13. h5 Rg8 14. hxg6 hxg6 15. Kd2 0-0-0 16. Rh7 Ba4 1/2-1/2

[Event "FRA-chT4 Ligue Bretagne 0102"]
[Site "Bretagne"]
[Date "2001.12.09"]
[Round "3"]
[White "Senechal, Gwendal"]
[Black "Tafforeau, Romain"]
[Result "0-1"]
[WhiteElo "1630"]
[BlackElo "1750"]
[PlyCount "54"]
[EventDate "2001.10.??"]
[EventType "team"]
[EventRounds "7"]
[EventCountry "FRA"]
[SourceTitle "EXT 2008"]
[Source "ChessBase"]
[SourceDate "2007.11.25"]
[SourceVersion "1"]
[SourceVersionDate "2007.11.25"]
[SourceQuality "1"]

1. e4 c5 2. Nf3 d6 3. d4 cxd4 4. Nxd4 Nf6 5. Nc3 g6 6. Be3 Bg7 7. Be2 0-0 8. Qd2 Nc6 9. Nxc6 bxc6 10. f3 Bd7 11. g4 Qa5 12. h4 Rab8 13. 0-0-0 Qb4 14. b3 Nxe4 15. fxe4 Bxc3 16. Qxc3 Qxc3 17. Bd4 Qa5 18. Kb1 Be6 19. h5 c5 20. Bb2 c4 21. hxg6 fxg6 22. Rh2 c3 23. Ba1 Qb4 24. Rd3 Rbc8 25. Rdh3 Rf7 26. Re3 Qd4 27. Rh1 Qxe3 0-1

[Event "FRA-chT3 01"]
[Site "France"]
[Date "2001.03.31"]
[Round "8"]
[White "Tafforeau, Romain"]
[Black "Mesnil, Bruno"]
[Result "1-0"]
[WhiteElo "1570"]
[BlackElo "1740"]
[PlyCount "81"]
[EventDate "2001.??.??"]
[EventType "team"]
[EventRounds "9"]
[EventCountry "FRA"]
[SourceTitle "EXT 2002"]
[Source "ChessBase"]
[SourceDate "2001.11.25"]
[SourceVersion "1"]
[SourceVersionDate "2001.11.25"]
[SourceQuality "1"]
[WhiteTeam "Brest"]
[BlackTeam "Equeurdreville"]
[WhiteTeamCountry "FRA"]
[BlackTeamCountry "FRA"]

1. d4 Nf6 2. c4 g6 3. Nc3 d6 4. f3 Bg7 5. e4 0-0 6. Be3 Nbd7 7. Bd3 e5 8. d5 Nc5 9. Bc2 Ne8 10. Qd2 Bd7 11. h4 Bf6 12. 0-0-0 Bxh4 13. g4 g5 14. Qh2 f6 15. Bf2 Qe7 16. Bxh4 gxh4 17. Qxh4 Qg7 18. Kb1 Rf7 19. Nge2 Qg5 20. Qh6 Qxh6 21. Rxh6 c6 22. Rdh1 b5 23. dxc6 Bxc6 24. cxb5 Bb7 25. b4 Ne6 26. Bb3 N8c7 27. a4 Re8 28. Ng3 Ree7 29. Nf5 Rd7 30. Rd1 Ba8 31. Rxd6 Rxd6 32. Nxd6 Rd7 33. Nf5 Rd3 34. Kc2 Rxf3 35. Rxf6 Rf2+ 36. Kd3 Rf3+ 37. Kd2 Rf2+ 38. Ke3 Rb2 39. Bxe6+ Nxe6 40. Rxe6 Rxb4 41. Re8+ 1-0